Central Library OPAC University of Rajshahi

تاريخ الطبري # # Tārīkh al-Ṭabarī. al-juz' al-awwal / (Record no. 80559)

MARC details
000 -LEADER
fixed length control field 00819nam a2200217 4500
001 - CONTROL NUMBER
control field 80559)
003 - CONTROL NUMBER IDENTIFIER
rucl marc code BD-RjUL
005 - DATE AND TIME OF LATEST TRANSACTION
control field 20231122151238.0
008 - FIXED-LENGTH DATA ELEMENTS--GENERAL INFORMATION
fixed length control field 221018s19411940pk ||||| |||| 00| 0 ara d
035 ## - SYSTEM CONTROL NUMBER
System control number (BD-RjUL)80559)
040 ## - CATALOGING SOURCE
Original cataloging agency BD-RjUL
Language of cataloging eng
Transcribing agency BD-RjUL
041 ## - LANGUAGE CODE
Language code of text/sound track or separate title eng
082 ## - DEWEY DECIMAL CLASSIFICATION NUMBER
Edition number 23
Classification number 297.09
Author mark and year 1940-41
100 ## - MAIN ENTRY--PERSONAL NAME
Personal name Tabari, Abu Jaafar Muhammad bin Jarir # # طبري، أبو جعفر
9 (RLIN) 5311
245 ## - TITLE STATEMENT
Title تاريخ الطبري # # Tārīkh al-Ṭabarī. al-juz' al-awwal /
Statement of responsibility, etc. Abu Jaafar Muhammad bin Jarir al-Tabari ## أبو جعفر محمد بن جرير الطبري
260 ## - PUBLICATION, DISTRIBUTION, ETC. (IMPRINT)
Place of publication, distribution, etc. Hydrabad :
Name of publisher, distributor, etc. dar attaba jamiah usmaniah ,
Date of publication, distribution, etc. 1941
300 ## - PHYSICAL DESCRIPTION
Pagination v. ;
Size 23 cm
505 ## - FORMATTED CONTENTS NOTE
Formatted contents note Vol. 1. ahde khelafat rashida.--v. 3. pt. 3- 4. Ahad i bani Abbas --
650 ## - SUBJECT ADDED ENTRY--TOPICAL TERM
Topical term or geographic name as entry element Islam
Form subdivision History
942 ## - ADDED ENTRY ELEMENTS (KOHA)
Source of classification or shelving scheme Dewey Decimal Classification
Koha item type Books
Holdings
Lost status Source of classification or shelving scheme Damaged status Not for loan Collection code Permanent Location Current Location Shelving location Date acquired Source of acquisition Cost, normal purchase price Full call number Date last seen Copy number Koha item type Total Checkouts
  Dewey Decimal Classification   Not For Loan Non-fiction Central Library, University of Rajshahi Central Library, University of Rajshahi Reading Room 20/05/1959 Book land 80.00 A 297.09 TAT V-1(pt.4) 1941 18/10/2022 C-1 Books  
  Dewey Decimal Classification   Not For Loan Non-fiction Central Library, University of Rajshahi Central Library, University of Rajshahi Reading Room 20/05/1969 book land 80.00 U 297.09 TAT V-3 pt.3-4. 1940-41 22/11/2023 C-1 Books  
  Dewey Decimal Classification   Not For Loan Non-fiction Central Library, University of Rajshahi Central Library, University of Rajshahi Reading Room 20/05/1959 book land 80.00 U 297.09 TAT V-3 pt.2. 1935 22/11/2023 C-1 Books